| 000 | 01956nam a22004217a 4500 | ||
|---|---|---|---|
| 003 | CHAP | ||
| 005 | 20220329143314.0 | ||
| 008 | 080416d2005 mx r 00110 spa d | ||
| 010 | _a94707 | ||
| 011 | _a95679 | ||
| 020 | _a9701511085 | ||
| 035 | _a106308 | ||
| 040 | _cCHAP | ||
| 082 | 0 | 4 |
_a530 _bB87 2005 |
| 100 | 1 |
_aBurbano de Ercilla, S. _916099 |
|
| 245 | 1 | 0 |
_aProblemas de física _c/por S. Burbano de Ercilla, E. Burbano García y C. Gracia Muñoz |
| 250 | _a27 ed. | ||
| 260 |
_aMéxico, D.F. : _bAlfaomega, _c2005 |
||
| 300 |
_a3 v. : _bgráfs. ; cuadros |
||
| 505 | 0 | _av.1 Estática, cinemática y dinámica -- v.2 Campo gravitatorio, elasticidad, termodinámica, transferencia de calor, movimientos ondulatorios y electromagnetismo -- v.3 Óptica, relatividad y física atómica | |
| 590 |
_aBATCH-UPD _b10 _c20130110 _lUCH01 _h0602 |
||
| 590 |
_aBATCH-UPD _b10 _c20130410 _lUCH01 _h0244 |
||
| 590 |
_aBATCH-UPD _b10 _c20130410 _lUCH01 _h1648 |
||
| 590 |
_aBATCH-UPD _b10 _c20130914 _lUCH01 _h0756 |
||
| 590 |
_aCONVERSION _b10 _c20130109 _lUCH01 _h1352 |
||
| 650 | 1 | 4 |
_aFísica _xEstudio y enseñanza. _941980 |
| 650 | 1 | 4 |
_aFísica _xProblemas, ejercicios, etc. _941991 |
| 700 | 1 |
_aBurbano García, E. _916101 |
|
| 700 | 1 |
_aGracia Muñoz, C. _950175 |
|
| 901 | _aBK | ||
| 942 | _cLIBRO | ||
| 949 |
_a530 B87 2005 v.1 _bBC _cLIBRO _d33724002047017 _eLIBRO _gI.c/e. _h109445 _i106308 _si _t$208.00 |
||
| 949 |
_a530 B87 2005 v.1 _bBC _cLIBRO _d33724002047025 _eLIBRO _fc.2 _gI.c/e. _h109446 _i106308 _si _t$208.00 |
||
| 949 |
_a530 B87 2005 v.2 _bBC _cLIBRO _d33724002046975 _eLIBRO _fc.2 _h109448 _i106308 _so _t$208.00 |
||
| 949 |
_a530 B87 2005 v.2 _bBC _cLIBRO _d33724002047033 _eLIBRO _gI.c/e. _h109447 _i106308 _so _t$208.00 |
||
| 949 |
_a530 B87 2005 v.3 _bBC _cLIBRO _d33724002046983 _eLIBRO _gI.c/e. _h109449 _i106308 _si _t$158.00 |
||
| 949 |
_a530 B87 2005 v.3 _bBC _cLIBRO _d33724002046991 _eLIBRO _fc.2 _gI.c/e. _h109450 rep. _i106308 _mEste ejemplar es reposiciØn _sb _t$158.00 |
||
| 999 |
_c94707 _d94707 |
||